| 000 | 01210nam a2200229Ia 4500 | ||
|---|---|---|---|
| 003 | Ost | ||
| 005 | 20260507074940.0 | ||
| 008 | 260507s9999||||xx |||||||||||||| ||und|| | ||
| 040 | _cfsecg | ||
| 041 | _aara | ||
| 082 | _a330 | ||
| 100 |
_aحنفي، عبد الغفار _eمؤلف |
||
| 245 | 0 |
_aاستراتيجيات الاستثمار في بورصة الاوراق المالية : _bأسهم - سندات - وثائق الاستثمار - الخيارات / _c عبد الغفار حنفي |
|
| 260 |
_aالاسكندرية: _bالدار الجامعية, _c2007 |
||
| 300 |
_a508 صفحة؛ _c24 سم |
||
| 504 | _aبيبليوغرافيا ص.501 | ||
| 520 | _aيعالج الكتاب الفصول التالية :الإستثمار في الأوراق المالية ،قياس عائد و مخاطر الأوراق المالية ،المستحدثات في نظرية الإستثمار و كفاءة أسواق رأس المال ،المدخل لتحليل الأسهم ،تحليل و تقويم السندات ،أسواق رأس المال في مصر ،الخيارات. | ||
| 653 | _aاستثمار | ||
| 653 | _aاوراق مالية | ||
| 653 | _aبورصة | ||
| 942 | _cكتاب | ||
| 999 |
_c41925 _d41925 |
||